Borland Delphi 6 developer's guide / (Registro nro. 2625)
[ vista simple ]
| 000 -CABECERA | |
|---|---|
| Campo de control | 00769cam a22002175a 4500 |
| 005 - FECHA Y HORA DE LA ULTIMA TRANSACCION | |
| Campo de control | 20160510114034.0 |
| 008 - ELEMENTOS DE LONGITUD FIJA—INFORMACION GENERAL | |
| Campo de control | 010105s2001 -usa 001 0 eng |
| 040 ## - FUENTE DE CATALOGACIÓN | |
| Agencia catalogadora original | DLC |
| Agencia transcriptora | DLC |
| Agencia Modificadora | CO-BoIAVH |
| 041 0# - IDIOMA | |
| Código de idioma para texto/pista de sonido o título separado | Inglés |
| 044 ## - PAÍS DE PUBLICACIÓN | |
| País de publicación | Estados Unidos |
| 082 04 - NUMERO DE CLASIFICACION DECIMAL DEWEY | |
| Número de clasificación | 005.2 |
| Número del ítem | T35b |
| 245 10 - MENCION DE TITULO | |
| Título | Borland Delphi 6 developer's guide / |
| 260 ## - PUBLICACION, DISTRIBUCION, ETC. (PIE DE IMPRENTA) | |
| Lugar de publicación, distribución, etc. | California, Estados Unidos : |
| Nombre del editor, distribuidor, etc. | Borland software corporation, |
| Fecha de publicación, distribución, etc. | c2001. |
| 300 ## - DESCRIPCION FISICA | |
| Extensión | xxx, 1100 páginas aproximadamente : |
| Otros detalles físicos | ilustraciones ; |
| Dimensiones | 24 x 18 cm. |
| 500 ## - NOTA GENERAL | |
| Nota general | Incluye índice. |
| 630 00 - ASIENTO SECUNDARIO DE MATERIA - TITULO UNIFORME | |
| Uniform title | Delphi (Computer file) |
| 9 (RLIN) | 66519 |
| 650 16 - ASIENTO SECUNDARIO DE MATERIA - TERMINO TEMATICO | |
| Término temático o nombre geográfico como elemento de entrada | Programas de ordenador |
| Subdivisión general | Desarrollo. |
| 9 (RLIN) | 67858 |
| 650 24 - ASIENTO SECUNDARIO DE MATERIA - TERMINO TEMATICO | |
| Término temático o nombre geográfico como elemento de entrada | Borland Delphi (Lenguaje de programación de computadora) |
| Subdivisión general | Desarrollo. |
| 9 (RLIN) | 67859 |
| 650 26 - ASIENTO SECUNDARIO DE MATERIA - TERMINO TEMATICO | |
| Término temático o nombre geográfico como elemento de entrada | Programación informática |
| 9 (RLIN) | 63700 |
| 942 ## - ELEMENTOS ADICIONALES (KOHA) | |
| Sistema de clasificación | Dewey Decimal Classification |
| Tipo de ítem | Libro |
| Withdrawn status | Lost status | Sistema de Clasificación | Damaged status | No para préstamo | Colección | Ubicación Permanente | Ubicación actual | Fecha de adquisición | Fuente de Valor | Total Checkouts | Número topográfico | Inventario / Código de Barras | Date last seen | Ejemplar | Price effective from | Forma de adquisición | Tipo de material | Public note |
|---|---|---|---|---|---|---|---|---|---|---|---|---|---|---|---|---|---|---|
| Dewey Decimal Classification | TIC | Villa de Leyva | Villa de Leyva | 04/06/2002 | Varón, Andrés | LB-005.2 T35b | 003203 | 04/12/2012 | Ej. 1 | 04/12/2012 | Donación | Libro | ||||||
| Dewey Decimal Classification | TIC | Villa de Leyva | Villa de Leyva | 04/06/2002 | Varón, Andrés | LB-005.2 T35b | 003204 | 04/12/2012 | Ej. 1 | 04/12/2012 | Donación | Folleto | Quick start. |